000 00435nam a22001337a 4500
008 230605b xxu||||| |||| 00| 0 eng d
020 _a9781906329020
082 _a328.3453
_bSIT
100 _cSamuel Sitta
245 _aA parliament with teeth
_bAfrica research institute
_cBy samuel sitta, willibrod slaa & john Cheyo with an introduction by Mark Ashurst
260 _bAfrica research institute
_c2008
300 _a88p
942 _2ddc
_cBK
999 _c327
_d327